| 000 | 00000nam##2200000za#4500 |
| 001 | 9.694593 |
| 003 | CaOODSP |
| 005 | 20210624234205 |
| 007 | cr ||||||||||| |
| 008 | 150407|2009||||xxc|||||o f|0| 0 eng|d |
| 040 | |aCaOODSP|beng |
| 043 | |an-cn--- |
| 086 | 1 |aR62-417/2009E-PDF |
| 110 | 2 |aParks Canada. |
| 245 | 10|aRecent museum approaches and the visitor experience in the context of Parks Canada National Historic Sites renewal in the province of Quebec : |h[electronic resource]|bportrait of a museum sampling in North America, Europe and Australia - summary / |cby Katy Tari; for the Social Service Research Service and the External Relations and Visitor Experience Service, Quebec Service Centre. |
| 260 | |aOttawa - Ontario : |bParks Canada |cSeptember 2009. |
| 300 | |a16p. |
| 590 | |a11-07-Supp|b2011-05-17 |
| 690 | 07|aMuseums|2gcpds |
| 720 | 1 |aTari, Katy |
| 775 | 08|tLes récentes approches muséographiques et l'expérience du visiteur dans le cadre du renouvellement de lieux historiques nationaux de Parcs Canada au Québec : |w(CaOODSP)9.638767 |
| 856 | 40|ahttp://publications.gc.ca|qPDF|s419 KB|uhttps://publications.gc.ca/collections/collection_2011/pc/R62-417-2009-eng.pdf |